[Event "1st Campomanes Memorial Cup Open"]
[Site "Manila PHI"]
[Date "2010.08.30"]
[Round "4"]
[White "Bitoon,R"]
[Black "Kazhgaleyev,M"]
[Result "1/2-1/2"]
[WhiteElo "2447"]
[BlackElo "2619"]

1.Nf3 d5 2.g3 c6 3.Bg2 Bg4 4.O-O Nd7 5.d4 e6 6.Nbd2 Ngf6 7.Re1 Be7 8.e4 O-O
9.e5 Ne8 10.h3 Bh5 11.Nb3 Nc7 12.Bf4 c5 13.dxc5 Na6 14.g4 Bg6 15.Nfd4 Naxc5
16.Qe2 Na4 17.c3 a6 18.Bh2 Ndc5 19.f4 Bd3 20.Qd2 Be4 21.Nxc5 Nxc5 22.Re2 Bxg2
23.Kxg2 Ne4 24.Qd3 Bc5 25.Bg1 Rc8 26.Rf1 Qe7 27.c4 Bxd4 28.Bxd4 Nc5 29.Qe3 dxc4
30.f5 Qd7 31.f6 gxf6 32.Qh6 Kh8 33.Qxf6+ Kg8 34.Qg5+ Kh8 35.Qf6+ Kg8 36.Qg5+  1/2-1/2

[Event "ch-RUS Higher League w"]
[Site "St Petersburg RUS"]
[Date "2010.08.30"]
[Round "5"]
[White "Fominykh,M"]
[Black "Zaiatz,E"]
[Result "0-1"]
[WhiteElo "2313"]
[BlackElo "2398"]

1.Nf3 d5 2.g3 c5 3.c4 Nf6 4.Bg2 Nc6 5.cxd5 Nxd5 6.O-O e5 7.Qa4 Nb6 8.Qc2 Be7
9.b3 Nb4 10.Qe4 O-O 11.Nc3 f5 12.Qb1 e4 13.Ne1 Bf6 14.a3 Nc6 15.f3 e3 16.Ra2 c4
17.bxc4 Be6 18.Nd1 Nxc4 19.Nd3 exd2 20.Bxd2 Qd7 21.N1f2 b6 22.Bc1 Bd4 23.Rd1 Qf7
24.Rc2 N6a5 25.Nf4 Rad8 26.Nxe6 Qxe6 27.Re1 Ne3 28.Qa2 Qxa2 29.Rxa2 Bc3 30.Bxe3 Bxe1
31.Nd3 Bc3 32.Rc2 Rc8 33.Kf1 Nc4 34.Bc1 Bf6 35.Nb4 Rfd8 36.f4 Rd1+ 37.Kf2 Bd4+
38.e3 Rxc1 39.exd4 Nxa3 40.Ra2 Nb5 41.d5 R8c4 42.Nc6 R4c2+ 43.Rxc2 Rxc2+
44.Kg1 a5 45.Ne7+ Kf8 46.Nxf5 a4 47.d6 Rd2 48.Bc6 a3  0-1

[Event "9th Georgiev-Kesarovski Mem"]
[Site "Sunny Beach BUL"]
[Date "2010.08.30"]
[Round "3"]
[White "Galunov,T"]
[Black "Koelbl,W"]
[Result "1-0"]
[WhiteElo "2341"]
[BlackElo "1943"]

1.Nf3 d5 2.g3 c6 3.Bg2 Nf6 4.O-O Bg4 5.c4 e6 6.d3 Be7 7.Be3 Nbd7 8.Qb3 Qc7
9.Nc3 O-O 10.cxd5 Nxd5 11.Bd2 Rfd8 12.Rac1 Qb6 13.Qc2 Bxf3 14.Bxf3 Ne5 15.Bg2 Nb4
16.Qb3 Nd5 17.Qc2 Nb4 18.Qb1 Ng4 19.a3 Nd5 20.b4 Nxc3 21.Bxc3 Bf6 22.Bd2 Ne5
23.Be3 Qa6 24.Qb3 Rac8 25.a4 b5 26.Ra1 Ng4 27.axb5 Qxb5 28.Ra5 Qb8 29.Bxa7 Qc7
30.Rc1 Qd6 31.Bb6 Bd4 32.Bc5 Bxc5 33.Raxc5 Qd4 34.Rf1 Rb8 35.Rc4 Qe5 36.Rxg4  1-0

[Event "9th Georgiev-Kesarovski Mem"]
[Site "Sunny Beach BUL"]
[Date "2010.08.30"]
[Round "3"]
[White "Manolov,I"]
[Black "Draganova,P"]
[Result "1/2-1/2"]
[WhiteElo "2261"]
[BlackElo "2010"]

1.Nf3 d5 2.g3 c6 3.Bg2 Bf5 4.O-O Nd7 5.d3 e5 6.e4 dxe4 7.Nh4 Be6 8.dxe4 Ngf6
9.Nd2 Qb6 10.Nhf3 Bc5 11.b3 Ng4 12.Qe2 f6 13.c3 a5 14.h3 Nh6 15.Nc4 Qa6 16.Nfd2 Nf7
17.Re1 h5 18.a4 h4 19.g4 Ng5 20.Bf1 Rd8 21.Kg2 Nf8 22.Nf3 Bxc4 23.Qxc4 Qxc4
24.Bxc4 Nfe6 25.Nxg5 Nxg5 26.f4 exf4 27.Bxf4 Nf7 28.e5 fxe5 29.Bxe5 Rd2+
30.Kh1 O-O 31.Bf4 Rf2 32.Rf1 Rxf1+ 33.Rxf1 Kh7 34.Bc7 Ng5 35.Rxf8 Bxf8 36.Kg2 g6
37.Bxa5 Bg7 38.Bf1 Ne4 39.c4 Nc5 40.b4 Bc3 41.Bd8 Bxb4 42.Bxh4 Nxa4 43.Kf3 Bc5
44.Bf6 Nb6 45.h4 Nd7 46.Bb2 Be7 47.g5 Kg8 48.Bh3 Nc5 49.Bc8 b5 50.cxb5 cxb5
51.Kg4 b4 52.h5 gxh5+ 53.Kxh5 Ne4 54.Be6+ Kf8 55.g6 Bf6 56.Bc1 Bg7 57.Be3 Ke7
58.Bb3 Kf8 59.Bc2 Nf6+ 60.Kg5 Nd5 61.Bc5+ Ke8 62.Ba4+ Kd8 63.Bb3 Ne7 64.Bxb4 Nxg6
65.Kxg6 Bb2 66.Kf7 Bc1 67.Ke6 Be3  1/2-1/2

[Event "1st Campomanes Memorial Cup Open"]
[Site "Manila PHI"]
[Date "2010.08.31"]
[Round "5"]
[White "Bancod,Ron"]
[Black "Gonzales,Jay"]
[Result "0-1"]
[WhiteElo "2328"]
[BlackElo "2435"]

1.Nf3 d5 2.g3 Nc6 3.c4 d4 4.Bg2 e5 5.d3 Bg4 6.O-O Qd7 7.Qb3 Rb8 8.Re1 Nf6
9.e3 Be7 10.Na3 O-O 11.Nc2 Rfe8 12.exd4 exd4 13.Bf4 Be6 14.a4 a6 15.a5 Nh5
16.Bc1 Bf5 17.Bf1 Bg4 18.Ne5 Nxe5 19.Rxe5 Nf6 20.Bg5 Be6 21.Rae1 Ng4 22.Rxe6 fxe6
23.Bh3 h5 24.Bf4 Bd6 25.f3 Bxf4 26.fxg4 Bd2 27.Re4 e5 28.c5+ Kh8 29.Kg2 Rbd8
30.Qxb7 Qf7 31.Re2 Rf8 32.Kg1 hxg4 33.Bg2 Bh6 34.Qxa6 e4 35.c6 Be3+ 36.Nxe3 dxe3
37.d4 Rxd4 38.h4 gxh3 39.Bxh3 Rd1+ 40.Kh2 Rd2 41.Bg4 Qf1  0-1

[Event "17th Open A"]
[Site "Graz AUT"]
[Date "2010.09.01"]
[Round "5"]
[White "Horvath,Re"]
[Black "Brunner,G"]
[Result "1-0"]
[WhiteElo "1967"]
[BlackElo "1992"]

1.Nf3 d5 2.g3 Nf6 3.Bg2 b6 4.c4 e6 5.O-O Bb7 6.d4 Be7 7.Nbd2 O-O 8.b3 Nbd7
9.Bb2 c5 10.Rc1 Rc8 11.Rc2 Rc7 12.Qc1 Qa8 13.dxc5 bxc5 14.cxd5 exd5 15.Ne5 Bd6
16.Nxd7 Nxd7 17.Nf3 Rfc8 18.Nh4 Be5 19.Nf5 d4 20.Bxb7 Qxb7 21.Ne7+ Kf8 22.Nxc8 Rxc8
23.Rd1 Qe4 24.b4 h5 25.bxc5 h4 26.c6 Nf6 27.Rd3 Nd5 28.Ba3+ Kg8 29.Qg5 Bf6
30.Qh5 Nc3 31.Qf3 Qe6 32.e3 h3 33.Rc1 Qc4 34.exd4 Bxd4 35.Rdxc3 Bxc3 36.Rxc3 Re8
37.Re3 Rb8 38.Re1 Qxa2 39.Qe3 Qd5 40.f3 Qxc6 41.Qe5 Qb7 42.Bc5 Rd8 43.Bd4 f6
44.Qe6+ Kh7 45.Qxh3+ Kg8  1-0

[Event "7th Malaysia Open"]
[Site "Kuala Lumpur MAS"]
[Date "2010.09.01"]
[Round "1"]
[White "Schebler,G"]
[Black "Chong Chor Yuen"]
[Result "1-0"]
[WhiteElo "2474"]
[BlackElo "2063"]

1.Nf3 d5 2.g3 Nf6 3.Bg2 c6 4.c4 e6 5.Qc2 Nbd7 6.d4 Bd6 7.Nbd2 O-O 8.O-O Re8
9.Rd1 Qe7 10.Nh4 h6 11.b3 a5 12.a3 Bb8 13.Bb2 Ra6 14.Re1 e5 15.Nf5 Qf8 16.a4 c5
17.dxe5 Nxe5 18.cxd5 Bxf5 19.Qxf5 Qd6 20.Nc4 Nxc4 21.bxc4 Rb6 22.Bc3 Ra6
23.Qb1 Qd7 24.e4 Be5 25.Bxe5 Rxe5 26.f4 Re8 27.e5 Nh7 28.Re2 Rb8 29.Rb2 b6
30.Rb5 Qc8 31.Ra2 Nf8 32.Rab2 Qc7 33.d6 Qa7 34.Bd5 Ne6 35.Bxe6 fxe6 36.Qg6 Qf7
37.Qxf7+ Kxf7 38.Rxc5 Ra7 39.Kf2 Ke8 40.Ke3  1-0

[Event "9th Georgiev-Kesarovski Mem"]
[Site "Sunny Beach BUL"]
[Date "2010.09.01"]
[Round "5"]
[White "Galunov,T"]
[Black "Popov,P"]
[Result "1/2-1/2"]
[WhiteElo "2341"]
[BlackElo "2240"]

1.Nf3 d5 2.g3 Bg4 3.Bg2 Nd7 4.c4 e6 5.cxd5 exd5 6.O-O Ngf6 7.Nc3 c6 8.d3 Be7
9.Be3 Nb6 10.Na4 O-O 11.Rc1 Nfd7 12.a3 Bf6 13.b4 d4 14.Bd2 Re8 15.Re1 Nd5
16.Nc5 Nxc5 17.Rxc5 a5 18.Rxa5 Nc3 19.Rxa8 Qxa8 20.Qb3 Nxe2+ 21.Kf1 Nc3 22.Nxd4 Bxd4
23.Bxc3 Rxe1+ 24.Bxe1 Be6 25.Qb1  1/2-1/2

[Event "9th Georgiev-Kesarovski Mem"]
[Site "Sunny Beach BUL"]
[Date "2010.09.01"]
[Round "5"]
[White "Nikolaou,G"]
[Black "Kostadinov,R"]
[Result "1-0"]
[WhiteElo "2275"]
[BlackElo "2207"]

1.Nf3 d5 2.g3 c6 3.b3 Nf6 4.Bb2 Bg4 5.Bg2 Nbd7 6.d3 e6 7.Nbd2 Bc5 8.O-O O-O
9.c4 Qe7 10.a3 a5 11.Qc2 b5 12.d4 Bd6 13.e4 dxe4 14.Ne5 Rac8 15.Nxg4 Nxg4
16.Nxe4 Bb8 17.Qe2 f5 18.Nd2 bxc4 19.bxc4 Rfe8 20.f4 Ba7 21.Kh1 c5 22.d5 exd5
23.Bxd5+ Kf8 24.Qd3 Qe2 25.Qxe2 Rxe2 26.Bc3 Rxh2+ 27.Kg1 Ndf6 28.Bf3 Rd8
29.Bxf6 Rdxd2 30.Bc3 Rc2 31.Bxa5 Rh3 32.Be1 Ne3 33.Bf2 Nxf1 34.Rxf1 Rc3 35.Kg2 Rh6
36.Rb1 Rxc4 37.Rb7 Bb6 38.Bd5 Rc2 39.Kf3 Rd6 40.Rf7+ Ke8 41.Rxf5 Rc3+ 42.Ke4 Rxa3
43.Ke5 Bc7 44.Bf7+ Kd8 45.Ke4 Ra4+ 46.Kf3 Rd3+ 47.Ke2 Rd7 48.Bxc5 Bd6 49.Bb6+ Ke7
50.Bg8 Rd8 51.Rf7+ Ke8 52.Bxd8 Kxd8 53.Rxg7 h6 54.Kf3 Ra3+ 55.Kg4 Ke8 56.Bf7+ Kf8
57.Rh7 Ra7 58.Rxh6 Bxf4 59.gxf4 Rxf7 60.Kg5 Ra7 61.Rb6 Kf7 62.f5 Rc7 63.Rh6 Kg7
64.f6+ Kg8 65.Kg6 Rg7+ 66.Kf5 Rg1 67.Rg6+  1-0

[Event "17th Open A"]
[Site "Graz AUT"]
[Date "2010.09.02"]
[Round "6"]
[White "Horvath,Re"]
[Black "Kravanja,A"]
[Result "1-0"]
[WhiteElo "1967"]
[BlackElo "2028"]

1.Nf3 d5 2.g3 c6 3.d4 Nf6 4.Bg2 g6 5.O-O Bg7 6.c4 O-O 7.Nc3 dxc4 8.a4 Nd5
9.Bd2 Na6 10.Qc1 Re8 11.Bh6 Bh8 12.Ne5 Be6 13.Ne4 Ndb4 14.Rd1 Bxe5 15.dxe5 Qa5
16.Qf4 Nd5 17.Rxd5 Bxd5 18.Nf6+ Kh8 19.Qh4 Rg8 20.Bf8 h5 21.Qg5  1-0

[Event "7th Malaysia Open"]
[Site "Kuala Lumpur MAS"]
[Date "2010.09.02"]
[Round "2"]
[White "Yeap,E"]
[Black "Ho En Huei,D"]
[Result "1-0"]
[WhiteElo "2121"]
[BlackElo "1914"]

1.Nf3 d5 2.g3 c6 3.Bg2 e6 4.O-O Bd6 5.d3 Nf6 6.Nc3 e5 7.e4 d4 8.Ne2 c5 9.Nd2 Nc6
10.f4 Bg4 11.h3 Bxe2 12.Qxe2 b5 13.Nf3 Qc7 14.Nh4 g6 15.fxe5 Bxe5 16.Bg5 Nh5
17.Nf5 f6 18.Bf4 Bxf4 19.gxf4 Nxf4 20.Rxf4 Qxf4 21.e5 Nxe5 22.Rf1 Qg5 23.h4 Qg4
24.Qxg4 Nxg4 25.Bxa8 gxf5 26.Rxf5 Ke7 27.Bc6 a6 28.Rxc5 Kd6 29.b4 Rg8 30.Bh1 Ne3+
31.Kf2 Rg4 32.Rc6+ Ke5 33.Rxa6 Rxh4 34.Bc6 Rh2+ 35.Kg3 Rxc2 36.Bxb5 Nf1+
37.Kf3 h5 38.Bd7 Nh2+ 39.Kg3 Nf1+ 40.Kh4 Rh2+ 41.Bh3 f5 42.Ra5+ Ke6 43.Ra8 Ke5
44.Ra5+ Ke6 45.b5 Ne3 46.Kg3 Rb2 47.a4 Kf6 48.Ra8 Kg5 49.Rg8+ Kf6 50.Rb8 Kg5
51.b6 h4+ 52.Kf3 Nd1 53.Rg8+ Kf6 54.Rf8+ Ke7 55.Rxf5 Rxb6 56.a5 Rg6 57.Re5+ Kd8
58.Ke4 Rg3 59.a6 Rg6 60.Ra5 Nf2+ 61.Kf3 Rxa6 62.Rxa6 Nxh3 63.Rg6 Ke7 64.Rg4 Kf6
65.Rxd4 Ng5+ 66.Kg4 Ne6 67.Rd7 Nc5 68.Rd5 Nb7 69.Kxh4 Ke6 70.Rb5 Nd6 71.Rh5 Nf5+
72.Kg5 Nd4 73.Kf4 Nc6 74.Rh6+ Kd5 75.Rxc6 Kxc6 76.Ke5 Kd7 77.Kd5 Ke7 78.Kc6  1-0

[Event "9th Georgiev-Kesarovski Mem"]
[Site "Sunny Beach BUL"]
[Date "2010.09.02"]
[Round "6"]
[White "Nikolaou,G"]
[Black "Faibisovich,V"]
[Result "1/2-1/2"]
[WhiteElo "2275"]
[BlackElo "2410"]

1.Nf3 d5 2.g3 Bg4 3.Bg2 Nd7 4.c4 e6 5.Qb3 Nc5 6.Qc2 Nf6 7.d3 a5 8.Nbd2 c6
9.O-O Bd6 10.b3 O-O 11.Bb2 Qe7 12.Rfe1 Nfd7 13.Qc3 f5 14.e3 Rac8 15.Rac1 Nf6
16.Qc2 Na6 17.Ne5 Bh5 18.f4 Nb4 19.Qb1 Nd7 20.Nxd7 Qxd7 21.c5 Bc7 22.Nf3 Bxf3
23.Bxf3 Rce8 24.a3 Na6 25.e4 b6 26.cxb6 Bxb6+ 27.Kg2 c5 28.exd5 exd5 29.Be5 Rc8
30.Qb2 d4 31.Qc2 Nc7 32.Qc4+ Kh8 33.Bxc7 Bxc7 34.Qxc5 Bxf4 35.gxf4 Rxc5 36.Rxc5 g6
37.Rxa5 Qc7 38.Ree5 Qc2+ 39.Be2 Rf7 40.b4 Kg7 41.Rad5 Qb2 42.b5 Qxa3 43.b6 Rb7
44.Re6 Qb2 45.Rdd6 Qd2 46.Kf3 Qe1 47.Kg2 Qd2 48.Kf3 Qe1  1/2-1/2

[Event "17th Open A"]
[Site "Graz AUT"]
[Date "2010.09.04"]
[Round "8"]
[White "Wegerer,F"]
[Black "Huber,Martin Christian"]
[Result "0-1"]
[WhiteElo "2207"]
[BlackElo "1951"]

1.Nf3 d5 2.g3 Nf6 3.Bg2 c6 4.d3 Bg4 5.Nbd2 Nbd7 6.h3 Bh5 7.g4 Bg6 8.Nh4 e5
9.c4 Bd6 10.Nxg6 hxg6 11.cxd5 Nxd5 12.Ne4 Bb4+ 13.Kf1 Be7 14.e3 Qc7 15.Nc3 N7b6
16.Bd2 Nb4 17.d4 O-O-O 18.Rc1 a6 19.Qb3 Nd3 20.Rc2 exd4 21.Nb5 axb5 22.Qxd3 dxe3
23.Qxe3 Nc4 24.Qe2 Bf6 25.Be1 Rhe8 26.Qf3 Nxb2 27.Qa3 Rd3 28.Qa8+ Kd7 29.Qa7 Bd4
30.Bxc6+ bxc6 31.Qxc7+ Kxc7 32.Ba5+ Kb7 33.Kg2 Nc4 34.Bb4 c5 35.Be1 Rd1 36.Bc3 Rxh1
37.Kxh1 Bxc3 38.Rxc3 Re2 39.a4 Kc6 40.axb5+ Kxb5 41.Kg2 Kb4 42.Rf3 Ne5 43.Rf4+ c4
44.Kf1 Rd2 45.Re4 Nd3  0-1

[Event "17th WGM"]
[Site "Graz AUT"]
[Date "2010.09.04"]
[Round "8"]
[White "Novkovic,J"]
[Black "Exler,V"]
[Result "1/2-1/2"]
[WhiteElo "2157"]
[BlackElo "2143"]

1.Nf3 d5 2.g3 g6 3.Bg2 Bg7 4.O-O Nf6 5.d3 O-O 6.Nbd2 b6 7.c4 e6 8.Rb1 c5
9.a3 Bb7 10.b3 Nc6 11.Bb2 d4 12.Ne5 Qc7 13.Nxc6 Bxc6 14.Bxc6 Qxc6 15.b4 Nd7
16.Nb3 a5 17.b5 Qd6 18.Bc1 e5 19.e4 dxe3 20.fxe3 Rfd8 21.Bb2 Nf8 22.Qf3 Ra7
23.Nc1 Ne6 24.h4 Rad7 25.Kg2 f5 26.Ba1 Rf8 27.Qc6 Rdd8 28.Qxd6 Rxd6 29.Bc3 h6
30.Rb2 f4 31.Re2 f3+ 32.Rxf3 Rxf3 33.Kxf3 e4+ 34.Kxe4 Bxc3 35.Rg2 Bf6 36.Ne2 Kg7
37.Rg1 g5 38.h5 Nf8 39.d4 cxd4 40.exd4 Ne6 41.Rd1 Kf7 42.Rd3 Ke7 43.Ke3 Ng7
44.g4 Ne6 45.a4 Rd7 46.Ke4 Rc7 47.Kd5 Rd7+ 48.Ke4 Rd8 49.Ke3 Rc8 50.Rc3 Kd6
51.Rc1 Re8 52.Kd3 Bg7 53.Rf1 Rf8 54.Rxf8  1/2-1/2

[Event "7th Malaysia Open"]
[Site "Kuala Lumpur MAS"]
[Date "2010.09.04"]
[Round "5"]
[White "Schebler,G"]
[Black "Xu Huahua"]
[Result "1-0"]
[WhiteElo "2474"]
[BlackElo "2079"]

1.Nf3 d5 2.g3 Bg4 3.Bg2 g6 4.c4 c6 5.cxd5 cxd5 6.Ne5 Be6 7.Qa4+ Nd7 8.Nc3 Nf6
9.Nd3 Bg7 10.Nf4 O-O 11.Nxe6 fxe6 12.O-O Nb6 13.Qb3 e5 14.d3 Kh8 15.Bg5 e6
16.Rac1 a6 17.e4 d4 18.Na4 Nxa4 19.Qxa4 Qb6 20.Rc2 Qb5 21.Qxb5 axb5 22.a3 b4
23.axb4 Ra4 24.Bd2 Ra2 25.Bh3 Re8 26.Rfc1 h6 27.b3 Rea8 28.Bxe6 h5 29.f4 exf4
30.e5 Rxc2 31.Rxc2 Ra1+ 32.Kg2 f3+ 33.Kxf3 Nh7 34.Rc8+ Nf8 35.Bd5 Ra7 36.Re8  1-0

[Event "InventiChess GM"]
[Site "Antwerp BEL"]
[Date "2010.09.05"]
[Round "3"]
[White "Meier,Geo"]
[Black "Hovhanisian,M"]
[Result "1-0"]
[WhiteElo "2659"]
[BlackElo "2474"]

1.Nf3 d5 2.g3 Nf6 3.Bg2 e6 4.O-O Be7 5.c4 O-O 6.d4 c6 7.Nc3 Nbd7 8.b3 a6
9.Qc2 b5 10.Rd1 b4 11.Na4 a5 12.Ne5 Bb7 13.Nxd7 Nxd7 14.e4 Nf6 15.e5 Nd7
16.a3 Ba6 17.axb4 Bxb4 18.Be3 Qe7 19.Nb2 Nb6 20.h4 Rfc8 21.Bg5 Qf8 22.c5 Nd7
23.Nd3 Bxd3 24.Rxd3 f6 25.Rf3 Qe7 26.exf6 gxf6 27.Be3 Kh8 28.Bh3 Rg8 29.Kh2 Rae8
30.Bd2 Bxd2 31.Qxd2 f5 32.Rxa5 Nf6 33.Qf4 Ng4+ 34.Bxg4 Rxg4 35.Qe5+ Qg7 36.Rxf5 Rxd4
37.Qxg7+ Kxg7 38.Ra7+ Kg6 39.Rg5+ Kf6 40.Rxh7 Rd2 41.Kg2 d4 42.Rh6+ Kf7 43.h5 d3
44.Rgg6 e5 45.Rh7+ Kf8 46.h6  1-0

[Event "7th Malaysia Open"]
[Site "Kuala Lumpur MAS"]
[Date "2010.09.05"]
[Round "7"]
[White "Schebler,G"]
[Black "Zeng,C"]
[Result "1/2-1/2"]
[WhiteElo "2474"]
[BlackElo "2410"]

1.Nf3 d5 2.g3 Nf6 3.Bg2 c6 4.c4 dxc4 5.O-O Qd5 6.Na3 Be6 7.d3 cxd3 8.Ng5 Qd7
9.Nxe6 Qxe6 10.Qxd3 Nbd7 11.Nc4 Ne5 12.Nxe5 Qxe5 13.Bf4 Qe6 14.b4 Rd8 15.Qa3 a6
16.b5 axb5 17.Qa7 Qc8 18.a4 b4 19.a5 Nd5 20.Rfc1 e6 21.Bxd5 exd5 22.a6 bxa6
23.Rxa6 c5 24.Qb6 Be7 25.Ra7 Qe6 26.Qb5+ Kf8 27.Rxc5 Bxc5 28.Qxc5+ Kg8 29.Re7 Qc8
30.Qxb4 h6 31.Qb5 Qf5 32.Bc7 Ra8 33.Re5 Qh3 34.Ba5 Rc8 35.Bd2 h5 36.f3 d4
37.Qd5 g6 38.Qxd4 Rb8 39.Qe4 Qd7 40.Bc3 Qa7+ 41.Kg2 Qa8 42.Qf4 Re8 43.Rxe8+ Qxe8
44.Bxh8 Qxe2+ 45.Kh3 Qe6+  1/2-1/2

[Event "TCh-CRO Women"]
[Site "Sibenik CRO"]
[Date "2010.09.05"]
[Round "2"]
[White "Novak,Ks"]
[Black "Macek,V"]
[Result "0-1"]
[WhiteElo "2176"]
[BlackElo "2213"]

1.g3 d5 2.Nf3 c6 3.Bg2 Nf6 4.O-O Bf5 5.d3 h6 6.Nbd2 e6 7.Re1 a5 8.a4 Na6
9.b3 Nc5 10.Bb2 Be7 11.Ne5 O-O 12.e4 Bh7 13.Ng4 Nxg4 14.Qxg4 Bf6 15.e5 Be7
16.Qe2 Na6 17.f4 b5 18.Nf3 b4 19.Nd4 Qb6 20.Kh1 c5 21.Nb5 Rac8 22.c4 bxc3
23.Bxc3 Nc7 24.Nxc7 Rxc7 25.Qd2 Ra7 26.Rab1 Rb8 27.Qd1 Rab7 28.Rb2 Qa6 29.Bf1 d4
30.Bd2 Bxd3 31.Bg2 c4 32.Bxa5 Rxb3 33.Rxb3 Rxb3 34.Bc7 Qxa4 35.Bd6 Bxd6 36.exd6 Qd7  0-1

[Event "9th Georgiev-Kesarovski Mem"]
[Site "Sunny Beach BUL"]
[Date "2010.09.05"]
[Round "9"]
[White "Hadzimanolis,A"]
[Black "Faibisovich,V"]
[Result "1/2-1/2"]
[WhiteElo "2341"]
[BlackElo "2410"]

1.Nf3 d5 2.g3 Bg4 3.Bg2 Nd7 4.O-O c6 5.c4 Bxf3 6.exf3 dxc4 7.Qe2 Nb6 8.a4 a5
9.Re1 Nf6 10.Na3 e6 11.Nxc4 Nxc4 12.Qxc4 Bb4 13.Re2 O-O 14.b3 Nd5 15.Bb2 Be7
16.Rae1 Bf6 17.Ba3 Be7 18.Bb2 Bf6 19.Ba3 Be7  1/2-1/2

[Event "12th Open"]
[Site "Trieste ITA"]
[Date "2010.09.05"]
[Round "2"]
[White "Ivanovic,A"]
[Black "De Val,D"]
[Result "1-0"]
[WhiteElo "1898"]
[BlackElo "2249"]

1.Nf3 d5 2.g3 c5 3.c4 e6 4.cxd5 exd5 5.d4 Nc6 6.Bg2 Nf6 7.O-O Be7 8.Nc3 O-O
9.dxc5 Bxc5 10.Bg5 d4 11.Bxf6 Qxf6 12.Ne4 Qe7 13.Nxc5 Qxc5 14.Qd2 Bg4 15.Rac1 Qb6
16.Rfd1 Rad8 17.h3 Be6 18.b3 Bd5 19.Qb2 Rd7 20.Rd2 Rfd8 21.Rcd1 h6 22.Nxd4 Nxd4
23.Rxd4 Be6 24.Rxd7 Rxd7 25.Rxd7 Bxd7 26.Qe5 Bc6 27.Bxc6 bxc6 28.Qe8+ Kh7
29.Qxf7 Qa5 30.Kh2 Qxa2 31.e4 Qb2 32.Qf5+ Kg8 33.e5 Qxb3 34.Qc8+ Kf7 35.Qd7+ Kg6
36.Qxc6+ Kf5 37.Qd7+ Qe6 38.Qxa7 Qxe5 39.Qf7+ Ke4 40.Kg2 Kd3 41.Qb3+ Kd2
42.h4 g5 43.Qb4+ Kd3 44.Qg4 gxh4 45.Qxh4 h5 46.Qd8+ Ke2 47.Qa8 Kd3 48.Qf3+ Kd4
49.Kh3 Qg5 50.Qd1+ Ke4 51.Qe2+ Kd4 52.f4 Qf5+ 53.Kh4  1-0

[Event "11th WUCC Women"]
[Site "Zuerich SUI"]
[Date "2010.09.05"]
[Round "1"]
[White "Stojanovic,Andj"]
[Black "Hegarty,S"]
[Result "1-0"]
[WhiteElo "2337"]
[BlackElo "2084"]

1.Nf3 d5 2.g3 Nf6 3.Bg2 c5 4.O-O g6 5.c4 Bg7 6.cxd5 Nxd5 7.Nc3 Nb6 8.d3 O-O
9.Be3 Na6 10.Rc1 Nd7 11.Qa4 Rb8 12.Qh4 Re8 13.Ng5 h6 14.Nge4 e5 15.Qxd8 Rxd8
16.Nb5 f5 17.Ned6 Nb6 18.Nxc8 Nxc8 19.Bxc5 Nxc5 20.Rxc5 a6 21.Nc7 Rd6 22.Ne8 Rb6
23.Bd5+ Kf8 24.Nxg7 Kxg7 25.Rc7+ Kf8 26.Rh7 Rb5 27.e4 Rc5 28.f4 exf4 29.d4 Rc2
30.Rxf4 b5 31.exf5 g5 32.Re4 Rc1+ 33.Kg2  1-0

[Event "11th WUCC Women"]
[Site "Zuerich SUI"]
[Date "2010.09.06"]
[Round "2"]
[White "Kharashuta,E"]
[Black "Lkhamsuren,U"]
[Result "0-1"]
[WhiteElo "2298"]
[BlackElo "2206"]

1.Nf3 d5 2.g3 Nf6 3.Bg2 Bg4 4.c4 e6 5.O-O Nbd7 6.d3 c6 7.Nc3 Bxf3 8.exf3 Be7
9.f4 dxc4 10.dxc4 Nc5 11.Be3 Qd3 12.Qxd3 Nxd3 13.Na4 O-O 14.Rad1 Rfd8 15.h3 Kf8
16.a3 e5 17.Bf3 Rd7 18.Rd2 exf4 19.gxf4 Nc5 20.Nxc5 Rxd2 21.Bxd2 Bxc5 22.Be3 Bb6
23.Rd1 Re8 24.c5 Bc7 25.Rd4 Rd8 26.Rb4 Rb8 27.Ra4 a6 28.Rd4 Rd8 29.Rb4 Rb8
30.Kf1 Nd7 31.Bg4 Nf6 32.Rd4 Nd5 33.Ke2 Rd8 34.Kd3 Bxf4 35.Ke2 Re8 36.Kd2 Bxe3+
37.fxe3 Nxe3 38.Bd7 Re7 39.Bc8 Nd5 40.Rd3 Rc7 41.Bg4 g6 42.Kc2 f5 43.Bf3 Nf4
44.Rd8+ Ke7 45.Rh8 Kf6 46.h4 Rd7 47.b4 Ne6 48.Kc3 Kg7 49.Rb8 Nd4 50.Rxb7 Nb5+
51.Rxb5 cxb5 52.c6 Rc7 53.Kd4 Kf6 54.Kc5 Ke5 55.Bd1 f4 56.Bf3 h6 57.Kb6 Kd6
58.Kxa6 Rxc6+  0-1

[Event "InventiChess GM"]
[Site "Antwerp BEL"]
[Date "2010.09.07"]
[Round "5"]
[White "Meier,Geo"]
[Black "Van der Stricht,G"]
[Result "1-0"]
[WhiteElo "2659"]
[BlackElo "2392"]

1.Nf3 d5 2.g3 c6 3.Bg2 Bg4 4.c4 e6 5.O-O Nd7 6.cxd5 exd5 7.h3 Bxf3 8.Bxf3 Bd6
9.d3 Ne7 10.e3 Qc7 11.Bg2 h5 12.Nc3 h4 13.g4 O-O-O 14.Bd2 Kb8 15.Rc1 Nc5
16.d4 Nd3 17.Rb1 f5 18.Qe2 Nb4 19.a3 Na6 20.b4 Qd7 21.b5 Nc7 22.bxc6 Nxc6
23.Nxd5 Nxd5 24.Bxd5 Bh2+ 25.Kxh2 Qxd5 26.Qb5 Qxb5 27.Rxb5 f4 28.Rg5 Rhf8
29.d5 fxe3 30.Bxe3 Ne7 31.Rxg7 Nxd5 32.Bg5 Rc8 33.Bxh4 Rc3 34.Rd1 Nf4 35.Bg3 Kc8
36.Rd2 Nd3 37.Re2  1-0

[Event "TCh-CRO Women"]
[Site "Sibenik CRO"]
[Date "2010.09.07"]
[Round "4"]
[White "Novak,Ks"]
[Black "Medic,Mir"]
[Result "0-1"]
[WhiteElo "2176"]
[BlackElo "2264"]

1.Nf3 d5 2.g3 Nf6 3.Bg2 c6 4.O-O Bg4 5.d3 Nbd7 6.h3 Bh5 7.Qe1 e5 8.e4 dxe4
9.dxe4 Bc5 10.Nbd2 O-O 11.Nc4 Re8 12.a4 b5 13.axb5 cxb5 14.Na5 Qc7 15.Qe2 Bb6
16.b4 Rac8 17.g4 Bg6 18.Ne1 Bd4 19.Rb1 a6 20.Nb3 Ba7 21.Kh1 Qc4 22.Qxc4 bxc4
23.Nd2 c3 24.Nb3 Nxe4 25.Bxe4 Bxe4+ 26.f3 Bd5 27.Kg2 h6 28.Nd3 e4 29.fxe4 Rxe4
30.Kg3 Re2 31.Ne1 g5  0-1

[Event "11th WUCC Women"]
[Site "Zuerich SUI"]
[Date "2010.09.07"]
[Round "4"]
[White "Drljevic,L"]
[Black "Cheremnova,T"]
[Result "1-0"]
[WhiteElo "2273"]
[BlackElo "2225"]

1.Nf3 d5 2.g3 Nf6 3.Bg2 c6 4.O-O Bg4 5.d3 Nbd7 6.Nbd2 e5 7.e4 dxe4 8.dxe4 Be7
9.h3 Bh5 10.Qe1 O-O 11.Nh4 Re8 12.a4 Nc5 13.Nc4 Qc7 14.Nf5 Bf8 15.f4 Nfd7
16.g4 Bg6 17.Nxg7 Bxg7 18.f5 Nb6 19.Ne3 Rad8 20.Qh4 Rd4 21.g5 Red8 22.Ng4 Rd1
23.Be3 Rxa1 24.Rxa1 Ne6 25.Nf6+ Bxf6 26.gxf6 Nc4 27.fxe6 fxe6 28.f7+ Bxf7
29.Bh6 Bg6 30.Qf6 Re8 31.b3 Nb6 32.a5 Nc8 33.Rf1 Qf7 34.Qxe5 Qe7 35.Rf6 Qd7
36.Qf4 Qe7 37.e5 a6 38.Qg5 Kh8 39.Kh2 Rg8 40.Qf4 Bf5 41.Bg5 Rxg5 42.Qxg5 Qg7
43.Qd2 Qc7 44.Kh1 Ne7 45.Qd6 Qxa5 46.Rf8+ Ng8 47.Qb8 Qe1+ 48.Kh2  1-0

[Event "ch-ESP"]
[Site "El Sauzal ESP"]
[Date "2010.09.08"]
[Round "5"]
[White "Villavicencio Martinez,C"]
[Black "Bernad Millan,I"]
[Result "1/2-1/2"]
[WhiteElo "2123"]
[BlackElo "1854"]

1.Nf3 d5 2.g3 Nf6 3.Bg2 c6 4.O-O Bf5 5.c4 e6 6.d4 Nbd7 7.Nc3 h6 8.Nd2 Bd6
9.e4 dxe4 10.Ndxe4 Nxe4 11.Nxe4 Bxe4 12.Bxe4 Nf6 13.Bg2 O-O 14.Bd2 a5 15.Qc2 Qc7
16.Rfe1 Rfd8 17.Bc3 Bb4 18.a3 Bxc3 19.Qxc3 Qb6 20.Rad1 Rd7 21.Re2 Rad8 22.Red2 a4
23.Rd3 Qa7 24.h3 Qb6 25.R1d2 Qa7 26.Bf3 Qb6 27.Kg2 Qa7 28.Rd1 Qb6 29.h4 h5
30.R1d2 Qa7 31.Kh3 Qb6 32.Bg2 Qa7 33.f3 c5 34.dxc5 Rxd3 35.Rxd3 Rxd3 36.Qxd3 Qxc5
37.Qe2 b6 38.Qd3 e5 39.Qf5 Qd4 40.Qc8+ Kh7 41.Qf5+ Kg8 42.Qc8+ Kh7 43.Qf5+  1/2-1/2

[Event "5th XtraCon Open"]
[Site "Borup DEN"]
[Date "2010.09.10"]
[Round "6"]
[White "Johannsen,K"]
[Black "Baekgaard,M"]
[Result "0-1"]
[WhiteElo "1981"]
[BlackElo "2276"]

1.Nf3 d5 2.g3 Nf6 3.Bg2 c6 4.O-O Bg4 5.h3 Bh5 6.d4 Nbd7 7.b3 e6 8.c4 Bd6
9.Bb2 Qb8 10.Nbd2 O-O 11.Re1 Bg6 12.Nh4 Be4 13.Nhf3 h6 14.Nxe4 Nxe4 15.Nd2 f5
16.Nf1 Bb4 17.Bxe4 fxe4 18.e3 Bxe1 19.Qxe1 a5 20.Qe2 a4 21.b4 a3 22.Bc3 Nb6
23.c5 Nc4 24.Nd2 Rf5 25.Kg2 Qa7 26.Rf1 Raf8 27.f3 exf3+ 28.Rxf3 Qa6 29.Rxf5 exf5
30.Nf1 Qa8 31.Nd2 Nxd2 32.Bxd2 Qe8 33.Kg1 Qe4 34.Qf2 Qb1+ 35.Be1 Re8 36.Qd2 Qb2
37.Qf2 Qxf2+ 38.Kxf2 g5 39.Bd2 Re4 40.Kf3 h5 41.Bc1 h4 42.gxh4 Rxh4 43.Kg3 Re4
44.Kf3 g4+ 45.hxg4 fxg4+ 46.Ke2 Re8 47.Bd2 Kf7 48.Be1 Kg6 49.Bg3 Kf5 50.Kd3 Rh8
51.Kc3 Rh3  0-1

[Event "ch-ESP"]
[Site "El Sauzal ESP"]
[Date "2010.09.10"]
[Round "7"]
[White "Garza Marco,S"]
[Black "Rodriguez Fontecha,M"]
[Result "1-0"]
[WhiteElo "2439"]
[BlackElo "2237"]

1.Nf3 d5 2.g3 c6 3.Bg2 Nf6 4.d3 Bf5 5.O-O Nbd7 6.c4 e6 7.b3 Bd6 8.Nbd2 O-O
9.Bb2 Re8 10.e4 dxe4 11.dxe4 Bg4 12.h3 Bxf3 13.Nxf3 Qc7 14.Qe2 e5 15.Rad1 Bf8
16.Rfe1 a5 17.Qc2 Nc5 18.h4 Nfd7 19.Bh3 Rad8 20.a3 Ne6 21.Re3 f6 22.Red3 Ndc5
23.Rxd8 Nxd8 24.b4 Nce6 25.c5 b6 26.cxb6 Qxb6 27.bxa5 Qxa5 28.Bxe6+ Nxe6
29.Qxc6 Qa8 30.Qc4 Kh8 31.h5 Nc5 32.Re1 Qb7 33.Bc3 Qb3 34.Qxb3 Nxb3 35.Bb4 Nc5
36.Bxc5 Bxc5 37.a4 Kg8 38.Rc1 Bb4 39.Rb1 Bc3 40.Rb3 Rc8 41.Nh4 Rc7 42.Kf1 Bd4
43.Nf5 Rc1+ 44.Ke2 Ra1 45.Nxd4 exd4 46.Rb4 Ra2+ 47.Kd3 Rxf2 48.Kxd4 Rg2 49.a5 Rxg3
50.Ra4 Rb3 51.a6 Rb8 52.Kd5 g6 53.hxg6 hxg6 54.a7 Ra8 55.Kc6 f5 56.exf5 gxf5
57.Kb7 Rxa7+ 58.Rxa7 Kf7 59.Ra6  1-0

[Event "TCh-CHN"]
[Site "Guangzhou CHN"]
[Date "2010.09.10"]
[Round "10"]
[White "Bu Xiangzhi"]
[Black "Ji Dan"]
[Result "1-0"]
[WhiteElo "2682"]
[BlackElo "2379"]

1.Nf3 d5 2.g3 Nf6 3.Bg2 c6 4.O-O Bg4 5.d3 Nbd7 6.Nbd2 e6 7.h3 Bh5 8.e4 dxe4
9.dxe4 Be7 10.Qe2 O-O 11.b3 Qc7 12.Bb2 Rad8 13.Rfe1 e5 14.Nc4 Bxf3 15.Qxf3 Rfe8
16.a4 Bc5 17.h4 Nf8 18.Bh3 N6d7 19.Red1 Ne6 20.c3 Bf8 21.b4 Nb6 22.Rxd8 Nxd8
23.Ne3 Ne6 24.a5 Nd7 25.Bc1 b5 26.axb6 axb6 27.Nf5 b5 28.Kg2 Nb6 29.Be3 Na4
30.h5 Qb7 31.Nh4 c5 32.Bxe6 Rxe6 33.Nf5 cxb4 34.cxb4 Rc6 35.Rd1 Rc8 36.h6 g6
37.Nd6 Bxd6 38.Rxd6 Qe7 39.Rd7 Qf8 40.Rb7  1-0